| 000 | 00817cam a2200217 4500 | ||
|---|---|---|---|
| 001 | WB3739-19 | ||
| 008 | 011017n2001 000 0 eng u | ||
| 035 | _a(Sirsi) u115161 | ||
| 245 | _aSocial housing provision dispute | ||
| 260 | _c2001 | ||
| 490 |
_aEstates Gazette _v(0141) 13 October 2001, 31&38 (1) |
||
| 520 | _aThe dispute between the Greater London Authority (GLA) and London residential developers has escalated with developers demanding a 25% limit to social housing as part of a radical package of planning measures presented to government. The GLA is looking for 50%. | ||
| 590 | _aWB | ||
| 650 | _aLONDON | ||
| 650 | _aRESIDENTIAL DEVELOPMENT | ||
| 650 | _aHOUSE BUILDERS | ||
| 650 | _aPLANNING GUIDELINES | ||
| 650 | _aPLANNING SYSTEM | ||
| 690 |
_aAffordable housing _96215 |
||
| 942 | _n0 | ||
| 999 |
_c68585 _d68585 |
||